[Event "M.Chigorin Memorial 2013"]
[Site "St. Petersburg"]
[Date "2013.10.06"]
[Round "2.52"]
[White "Malakhov, Igor"]
[Black "Kukhmazov, Arsen"]
[Result "1/2-1/2"]
[WhiteElo "2434"]
[BlackElo "2239"]
[PlyCount "80"]
[EventDate "2013.10.05"]

1. Nf3 Nf6 2. c4 c6 3. g3 d5 4. Bg2 Bf5 5. cxd5 cxd5 6. Qb3 Qb6 7. Qxb6 axb6 8.
d3 Nc6 9. O-O e6 10. Nc3 Bc5 11. Bd2 O-O 12. a3 Nd4 13. Nxd4 Bxd4 14. Rac1 Rfc8
15. h3 h6 16. Rfe1 Nd7 17. Rcd1 Nc5 18. Bc1 Bxc3 19. bxc3 Ra5 20. e4 Bg6 21.
exd5 exd5 22. Bf1 Kf8 23. c4 d4 24. Re5 Rd8 25. Rd5 Rxd5 26. cxd5 Ke7 27. Bb2
Nb3 28. Bg2 Kd7 29. Be4 f5 30. Bf3 Bf7 31. Re1 Bxd5 32. Bd1 g6 33. Re5 Bf7 34.
Bxb3 Bxb3 35. Bxd4 Bc2 36. Rxa5 bxa5 37. Bc3 Bxd3 38. Bxa5 Ke6 39. f4 h5 40. h4
Kd5 1/2-1/2

[Event "M.Chigorin Memorial 2013"]
[Site "St. Petersburg"]
[Date "2013.10.06"]
[Round "2.53"]
[White "Vunder, Andrey"]
[Black "Yagupov, Igor"]
[Result "0-1"]
[WhiteElo "2245"]
[BlackElo "2432"]
[PlyCount "98"]
[EventDate "2013.10.05"]

1. d4 d5 2. Nf3 Nf6 3. c4 e6 4. cxd5 exd5 5. Nc3 c6 6. Qc2 Be7 7. Bg5 Nbd7 8.
e3 Nh5 9. Bxe7 Qxe7 10. O-O-O Nb6 11. h3 Be6 12. Bd3 Nf6 13. Kb1 O-O-O 14. Na4
Nxa4 15. Qxa4 Kb8 16. Rc1 Ne4 17. Rc2 Bf5 18. Rd1 h5 19. Ka1 g5 20. Ne1 g4 21.
hxg4 hxg4 22. Re2 Rh1 23. Qc2 Bg6 24. Qc1 g3 25. Bxe4 dxe4 26. f3 Bh5 27. Red2
exf3 28. Nxf3 Rxd1 29. Rxd1 Bxf3 30. gxf3 Qg5 31. a3 g2 32. Rg1 Qg3 33. Qd2 Rg8
34. Qe2 Qh2 35. Qf2 Rg3 36. Ka2 a6 37. e4 Qh3 38. d5 Rxf3 39. Qxg2 Qxg2 40.
Rxg2 cxd5 41. exd5 Kc7 42. Rg5 Kd6 43. Kb1 a5 44. Kc2 a4 45. Rh5 b5 46. Kd2 f6
47. Kc2 f5 48. Kd2 Kxd5 49. Kc2 Ke4 0-1

[Event "M.Chigorin Memorial 2013"]
[Site "St. Petersburg"]
[Date "2013.10.06"]
[Round "2.54"]
[White "Iljiushenok, Ilia"]
[Black "Hairapetian, Anna"]
[Result "1-0"]
[WhiteElo "2418"]
[BlackElo "2227"]
[PlyCount "101"]
[EventDate "2013.10.05"]

1. e4 c5 2. Nf3 d6 3. d4 cxd4 4. Nxd4 Nf6 5. Nc3 g6 6. Be3 Bg7 7. f3 Nc6 8. Qd2
O-O 9. g4 Nxd4 10. Bxd4 Be6 11. O-O-O Qa5 12. a3 Rfc8 13. h4 h5 14. Be2 Bc4 15.
gxh5 Bxe2 16. Qxe2 Nxh5 17. Nd5 Bxd4 18. Nxe7+ Kf8 19. Nxc8 Qc5 20. Rxd4 Ng3
21. Qh2 Qxd4 22. Qxg3 Rxc8 23. h5 Qc5 24. c3 gxh5 25. Rd1 Qe5 26. Qxe5 dxe5 27.
Rh1 Ke7 28. Rxh5 Ke6 29. Rh6+ Ke7 30. Kd2 Rg8 31. Rh2 Rg1 32. Rh8 Rg2+ 33. Kc1
Kd6 34. Rb8 Kc6 35. Rf8 Rg7 36. Kc2 a6 37. Kd3 b6 38. c4 Rh7 39. b4 b5 40. c5
Rg7 41. Re8 Rg2 42. Rxe5 Ra2 43. Rf5 Rxa3+ 44. Kd4 Ra4 45. Rf6+ Kd7 46. Kd5 Ke7
47. e5 Ra3 48. f4 Ra4 49. f5 Rxb4 50. Rxa6 Rb3 51. f6+ 1-0

[Event "M.Chigorin Memorial 2013"]
[Site "St. Petersburg"]
[Date "2013.10.06"]
[Round "2.55"]
[White "Golubov, Saveliy"]
[Black "Mokshanov, Alexey"]
[Result "1/2-1/2"]
[WhiteElo "2233"]
[BlackElo "2411"]
[PlyCount "110"]
[EventDate "2013.10.05"]

1. e4 e5 2. Nf3 Nc6 3. Bc4 Bc5 4. O-O Nf6 5. d3 d6 6. c3 Bb6 7. h3 Be6 8. Nbd2
O-O 9. Re1 Qd7 10. Nf1 Bxc4 11. dxc4 Ne7 12. Ng3 Qe6 13. b3 Nd7 14. Nh4 g6 15.
Bh6 Rfe8 16. Qd2 f6 17. Rad1 Qf7 18. Be3 Nf8 19. a4 Ne6 20. b4 Bxe3 21. fxe3 a5
22. Ra1 b6 23. Rf1 Rf8 24. Qd1 Ra7 25. Qb3 Rfa8 26. Ra2 Nf8 27. Rff2 Kg7 28.
Nf3 axb4 29. cxb4 Qe8 30. Ne2 Rxa4 31. Nc3 Rxa2 32. Rxa2 c6 33. Rd2 Nc8 34. Ne1
Qf7 35. b5 Ra1 36. Kf2 c5 37. Nc2 Ra8 38. Rd1 Ne6 39. Kg1 Qb7 40. Rd5 Nc7 41.
Rd1 Ne6 42. Nd5 Nc7 43. Nc3 Ne8 44. Qb1 Ne7 45. Rd2 Qd7 46. Qf1 Qe6 47. Qd3 Ra7
48. Rf2 Nc8 49. Nd5 Rf7 50. Ne1 Nc7 51. Nc3 f5 52. Nf3 h6 53. exf5 gxf5 54. e4
fxe4 55. Nxe4 Qg6 1/2-1/2

[Event "M.Chigorin Memorial 2013"]
[Site "St. Petersburg"]
[Date "2013.10.06"]
[Round "2.56"]
[White "Khusenkhojaev, Muhammad"]
[Black "Gvanceladze, Anna"]
[Result "1/2-1/2"]
[WhiteElo "2411"]
[BlackElo "2219"]
[PlyCount "126"]
[EventDate "2013.10.05"]

1. Nf3 d5 2. d4 Nf6 3. c4 c6 4. cxd5 cxd5 5. Nc3 Nc6 6. Bf4 Bf5 7. e3 e6 8. Bd3
Bg6 9. O-O Bd6 10. Ne5 Bxe5 11. dxe5 Nd7 12. Bxg6 hxg6 13. e4 d4 14. Nb5 Ndxe5
15. Nxd4 Qxd4 16. Qxd4 Nf3+ 17. gxf3 Nxd4 18. Kg2 f6 19. Rfd1 e5 20. Be3 Ne6
21. Rd6 Ke7 22. Rad1 Rhd8 23. Rxd8 Nxd8 24. f4 exf4 25. Bxf4 g5 26. Bd6+ Ke6
27. Bc5 Nf7 28. Rd3 b6 29. Be3 Rc8 30. Ra3 Rc7 31. Kg3 Ne5 32. Bd4 Ng6 33. Rc3
Rd7 34. Rc6+ Kf7 35. Bc3 Nh4 36. e5 Rd3+ 37. Kg4 Rf3 38. exf6 gxf6 39. Kh5 Rxf2
40. h3 Rf3 41. Rc7+ Ke6 42. Rc6+ Kf7 43. Rc7+ Ke6 44. Rc6+ Kf7 45. Bxf6 Rxf6
46. Rc7+ Ke6 47. Kxg5 Nf3+ 48. Kh5 a5 49. Rc6+ Kf5 50. Rxf6+ Kxf6 51. Kg4 Ne5+
52. Kf4 Nd3+ 53. Ke4 Nxb2 54. Kd5 a4 55. Kc6 Ke5 56. h4 Kd4 57. h5 Nc4 58. h6
Ne5+ 59. Kb5 a3 60. h7 Ng6 61. Kb4 b5 62. Kxa3 Kc3 63. h8=Q+ Nxh8 1/2-1/2

[Event "M.Chigorin Memorial 2013"]
[Site "St. Petersburg"]
[Date "2013.10.06"]
[Round "2.57"]
[White "Severina, Maria"]
[Black "Arslanov, Shamil"]
[Result "0-1"]
[WhiteElo "2227"]
[BlackElo "2405"]
[PlyCount "76"]
[EventDate "2013.10.05"]

1. d4 d5 2. c4 c6 3. Nc3 Nf6 4. Nf3 e6 5. e3 Nbd7 6. Qc2 Bd6 7. Bd3 O-O 8. O-O
dxc4 9. Bxc4 a6 10. Rd1 b5 11. Bd3 Bb7 12. e4 e5 13. h3 Qc7 14. Bg5 exd4 15.
Nxd4 g6 16. Rac1 c5 17. Nf3 c4 18. Bf1 Bf4 19. Bxf4 Qxf4 20. a4 Ne5 21. Qd2
Qxf3 22. Qg5 Nxe4 23. Qxe5 Qxf2+ 24. Kh2 Qxb2 25. axb5 Rfe8 26. Qd4 Nxc3 27.
Rxc3 axb5 28. Rxc4 Qxd4 29. Rcxd4 Ra2 30. Rb1 Re5 31. h4 Rc5 32. Rg4 Bc6 33.
Rg5 Rxg5 34. hxg5 Rd2 35. Kg3 Rd5 36. Kf4 Rf5+ 37. Kg4 Bd7 38. Kh4 Rf4+ 0-1

[Event "M.Chigorin Memorial 2013"]
[Site "St. Petersburg"]
[Date "2013.10.06"]
[Round "2.58"]
[White "Aitbayev, Aslan"]
[Black "Kuzmin, Egor"]
[Result "1-0"]
[WhiteElo "2403"]
[BlackElo "2190"]
[PlyCount "81"]
[EventDate "2013.10.05"]

1. e4 c5 2. Nf3 d6 3. d4 cxd4 4. Qxd4 Nc6 5. Bb5 Bd7 6. Bxc6 Bxc6 7. c4 Nf6 8.
Nc3 g6 9. O-O Bg7 10. Qd3 O-O 11. Nd4 Rc8 12. b3 Qa5 13. Bd2 Qe5 14. Rae1 Ng4
15. Nf3 Qc5 16. b4 Qb6 17. b5 Bd7 18. Nd5 Qd8 19. Bg5 f6 20. Bd2 Rf7 21. h3 Ne5
22. Nxe5 dxe5 23. Bb4 e6 24. Ne3 Be8 25. Qb3 Qd4 26. Qb1 Bh6 27. Ng4 Bg5 28. h4
Bxh4 29. Rd1 Qb6 30. Nh6+ Kg7 31. Nxf7 Kxf7 32. Qb3 Qc7 33. Qh3 Qxc4 34. Rc1
Qxc1 35. Rxc1 Rxc1+ 36. Kh2 g5 37. g3 Rc4 38. a3 Rxe4 39. Qf1 h5 40. Qd3 Bxg3+
41. fxg3 1-0

[Event "M.Chigorin Memorial 2013"]
[Site "St. Petersburg"]
[Date "2013.10.06"]
[Round "2.59"]
[White "Vorobjev, Dmitry"]
[Black "Borisenko, Andrei"]
[Result "0-1"]
[WhiteElo "2190"]
[BlackElo "2401"]
[PlyCount "118"]
[EventDate "2013.10.05"]

1. e4 e6 2. d4 d5 3. Nc3 Bb4 4. e5 c5 5. a3 Bxc3+ 6. bxc3 Ne7 7. Qg4 O-O 8. Bd3
Nd7 9. Bg5 f5 10. exf6 Nxf6 11. Qh4 h6 12. Bxf6 Rxf6 13. Nf3 Qa5 14. O-O Qxc3
15. dxc5 e5 16. Qh5 Bf5 17. Nxe5 Qxe5 18. Rae1 Qc7 19. Rxe7 Qxe7 20. Bxf5 Qxc5
21. Bd3 Raf8 22. Qh4 b5 23. Qb4 Qxb4 24. axb4 a6 25. g3 g5 26. Ra1 Kf7 27. Ra3
Ke7 28. Ra1 Kd8 29. Ra3 Kc7 30. Ra1 Kb6 31. Rf1 Ra8 32. Re1 a5 33. bxa5+ Rxa5
34. Re8 Kc5 35. Rc8+ Rc6 36. Re8 Rb6 37. Rc8+ Kd4 38. Bh7 b4 39. Kg2 Rc5 40.
Re8 Rc7 41. Bf5 Rf6 42. g4 Rfc6 43. Re2 Rc3 44. Rd2+ Kc5 45. h3 Re7 46. Bg6 Re1
47. Kh2 d4 48. Kg2 Ra3 49. Bh7 Raa1 50. Rd3 Red1 51. Rb3 Rab1 52. Rxb1 Rxb1 53.
h4 Rd1 54. hxg5 hxg5 55. f4 d3 56. cxd3 gxf4 57. g5 Kd4 58. g6 Rxd3 59. Kf2 Rg3
0-1

[Event "M.Chigorin Memorial 2013"]
[Site "St. Petersburg"]
[Date "2013.10.06"]
[Round "2.61"]
[White "Halikov, Bulat"]
[Black "Chashchev, Sergey"]
[Result "0-1"]
[WhiteElo "1611"]
[BlackElo "2396"]
[PlyCount "84"]
[EventDate "2013.10.05"]

1. e4 c5 2. Nf3 d6 3. d4 Nf6 4. Nc3 cxd4 5. Nxd4 a6 6. Bd3 e6 7. f3 d5 8. exd5
Nxd5 9. Nxd5 Qxd5 10. Be4 Qe5 11. O-O f5 12. Bxf5 Bc5 13. c3 Qxf5 14. Be3 Bxd4
15. Qxd4 O-O 16. Rad1 Nc6 17. Qb6 Qb5 18. b3 Qxb6 19. Bxb6 e5 20. Rfe1 Bf5 21.
Bc7 Rae8 22. Rd5 Rf7 23. Bxe5 Rfe7 24. f4 Nxe5 25. fxe5 Bd7 26. Kf2 Bc6 27. Rc5
Rf8+ 28. Kg1 Rf5 29. c4 Re6 30. Ra5 Kf7 31. g4 Rg5 32. h3 h5 33. Rf1+ Kg6 34.
Kh2 hxg4 35. hxg4 Rxg4 36. Rd1 Kf5 37. Rd6 g5 38. Rxe6 Kxe6 39. Kh3 Rg1 40. b4
g4+ 41. Kh4 g3 42. b5 g2 0-1

[Event "M.Chigorin Memorial 2013"]
[Site "St. Petersburg"]
[Date "2013.10.06"]
[Round "2.62"]
[White "Alekseev, Evgeny"]
[Black "Trapeznikova, Darya"]
[Result "1-0"]
[WhiteElo "2707"]
[BlackElo "2048"]
[PlyCount "51"]
[EventDate "2013.10.05"]

1. e4 e6 2. d4 d5 3. Nc3 Bb4 4. e5 Ne7 5. a3 Bxc3+ 6. bxc3 b6 7. Nh3 Ba6 8.
Bxa6 Nxa6 9. Nf4 c5 10. Nh5 Kd7 11. Nxg7 cxd4 12. cxd4 Qc7 13. O-O Rac8 14. Ra2
Qc4 15. Rb2 Qa4 16. Be3 Rc3 17. Rb3 Rxb3 18. cxb3 Qxa3 19. Qf3 Rf8 20. Bh6 Ng8
21. Nxe6 Nxh6 22. Qxd5+ Kc8 23. Nxf8 Qxf8 24. Qa8+ Nb8 25. Rc1+ Kd7 26. Qd5+
1-0

[Event "M.Chigorin Memorial 2013"]
[Site "St. Petersburg"]
[Date "2013.10.06"]
[Round "2.63"]
[White "Popov, Alexei"]
[Black "Jumabayev, Rinat"]
[Result "0-1"]
[WhiteElo "1858"]
[BlackElo "2568"]
[PlyCount "52"]
[EventDate "2013.10.05"]

1. e4 c5 2. Nf3 e6 3. c3 d5 4. e5 d4 5. Bb5+ Bd7 6. Bxd7+ Qxd7 7. d3 Nc6 8. c4
Nge7 9. Nbd2 Ng6 10. Qe2 Qc7 11. Ne4 Be7 12. O-O O-O 13. Bg5 Bxg5 14. Nfxg5
Qxe5 15. Qg4 h6 16. f4 Qf5 17. Qh5 Nxf4 18. Rxf4 Qxf4 19. Rf1 Qe3+ 20. Rf2 Ne5
21. Nh3 Nxd3 22. Qe2 Nxf2 23. Qxe3 dxe3 24. Nxc5 Rac8 25. Nb3 Nxh3+ 26. gxh3
Rxc4 0-1

[Event "M.Chigorin Memorial 2013"]
[Site "St. Petersburg"]
[Date "2013.10.06"]
[Round "2.64"]
[White "Stukopin, Andrey"]
[Black "Belenkaya, Dina"]
[Result "1-0"]
[WhiteElo "2515"]
[BlackElo "2203"]
[PlyCount "57"]
[EventDate "2013.10.05"]

1. Nf3 d5 2. c4 d4 3. b4 f6 4. e3 e5 5. c5 dxe3 6. fxe3 Be6 7. d4 e4 8. Nfd2 f5
9. Bc4 Qd7 10. Qb3 Bxc4 11. Nxc4 Nf6 12. O-O Qe6 13. Nd6+ Kd7 14. Nxf5 Qxb3 15.
axb3 Nd5 16. Ng3 Nc6 17. b5 Ncb4 18. Na3 Nf6 19. Nc4 Be7 20. Bd2 Nbd5 21. Ra2
a6 22. Rfa1 Rab8 23. bxa6 bxa6 24. Rxa6 Rhf8 25. Ne5+ Kc8 26. b4 g6 27. Nc6 Rb5
28. Ra8+ Kd7 29. Ne5+ 1-0

[Event "M.Chigorin Memorial 2013"]
[Site "St. Petersburg"]
[Date "2013.10.06"]
[Round "2.65"]
[White "Al-Sayed, Mohammed"]
[Black "Klimentiev, Sergey"]
[Result "1-0"]
[WhiteElo "2498"]
[BlackElo "1877"]
[PlyCount "83"]
[EventDate "2013.10.05"]

1. d4 Nf6 2. c4 e6 3. Nf3 Bb4+ 4. Bd2 a5 5. g3 O-O 6. Bg2 d5 7. Bxb4 axb4 8.
Nbd2 Nbd7 9. O-O b6 10. Ne5 Nxe5 11. dxe5 Nd7 12. cxd5 Nxe5 13. dxe6 Bxe6 14.
Bxa8 Qxa8 15. f3 Bh3 16. Re1 b5 17. Ne4 Qa7+ 18. Nf2 Nc4 19. Qc1 Be6 20. Rd1 h6
21. Rd3 Qb6 22. b3 Ne5 23. Rd1 Nc6 24. Qf4 Re8 25. Rac1 f5 26. h4 Kh8 27. Kf1
Kg8 28. Nd3 Bf7 29. Rc5 Be6 30. Rdc1 Bd7 31. R1c2 Rd8 32. Ne5 Nxe5 33. Qxe5 c6
34. Rd2 f4 35. gxf4 Bh3+ 36. Ke1 Rf8 37. Rd6 Qa7 38. Rcxc6 Qxa2 39. Qd5+ Kh8
40. Rxh6+ gxh6 41. Qe5+ Kg8 42. Rg6+ 1-0

[Event "M.Chigorin Memorial 2013"]
[Site "St. Petersburg"]
[Date "2013.10.06"]
[Round "2.66"]
[White "Shuraev, Andrei"]
[Black "Krasovskiy, Sviatoslav"]
[Result "1-0"]
[WhiteElo "2351"]
[BlackElo "2031"]
[PlyCount "69"]
[EventDate "2013.10.05"]

1. c4 e5 2. Nc3 Nf6 3. g3 d5 4. cxd5 Nxd5 5. Bg2 Ne7 6. Nf3 Nbc6 7. d3 g6 8.
Bg5 Bg7 9. Ne4 O-O 10. Qc1 Bf5 11. Nf6+ Kh8 12. Qc4 Qd6 13. Ne4 Bxe4 14. Qxe4
h6 15. Bd2 Nf5 16. O-O Rfe8 17. Qc4 Re7 18. Rac1 Rae8 19. Nh4 Nxh4 20. Qxh4 Nd4
21. Rfe1 Kh7 22. e3 Ne6 23. Bxb7 c5 24. Bg2 Qxd3 25. Bc3 Qa6 26. Red1 e4 27.
Bxg7 Kxg7 28. a3 f5 29. Rd2 Rc7 30. Rcd1 Ree7 31. g4 f4 32. exf4 Nxf4 33. Rd6
Qxd6 34. Rxd6 g5 35. Qxh6+ 1-0

[Event "M.Chigorin Memorial 2013"]
[Site "St. Petersburg"]
[Date "2013.10.06"]
[Round "2.67"]
[White "Gudkina, Zhanna"]
[Black "Mikhalchenko, Petr"]
[Result "0-1"]
[WhiteElo "1846"]
[BlackElo "2344"]
[PlyCount "106"]
[EventDate "2013.10.05"]

1. e4 c5 2. Nf3 e6 3. d4 cxd4 4. Nxd4 a6 5. Nc3 Qc7 6. Be2 Nf6 7. O-O Be7 8.
Kh1 b5 9. Bf3 b4 10. e5 Qxe5 11. Bxa8 bxc3 12. bxc3 h5 13. f4 Qc7 14. Bf3 d5
15. Rb1 Nbd7 16. Be3 Bd6 17. Qe2 Qxc3 18. Nf5 Bf8 19. Bd4 Qc7 20. Ne3 Be7 21.
Rbe1 Qxf4 22. Bxf6 Nxf6 23. Nxd5 Nxd5 24. Bxd5 Qd6 25. Bb3 Bf6 26. Ba4+ Kf8 27.
Rd1 Qc7 28. Qf3 h4 29. Qc6 Qxc6 30. Bxc6 Ke7 31. Rf3 Rh5 32. Rb3 Rc5 33. Be4
Be5 34. a3 f5 35. Bd3 Bc7 36. Rf1 g6 37. g4 hxg3 38. hxg3 Bxg3 39. Rg1 f4 40.
Bxg6 Bf2 41. Rf1 Be3 42. Be4 a5 43. Kg2 Rg5+ 44. Kf3 e5 45. Ba8 Bf5 46. Rh1 e4+
47. Bxe4 Rg3+ 48. Ke2 Bxe4 49. Rh6 Rg2+ 50. Kf1 Rxc2 51. Ra6 Bg2+ 52. Ke1 Rc1+
53. Ke2 Bf1+ 0-1

[Event "M.Chigorin Memorial 2013"]
[Site "St. Petersburg"]
[Date "2013.10.06"]
[Round "2.68"]
[White "Khadzhiev, Valery"]
[Black "Rozhko, Dmitry"]
[Result "0-1"]
[WhiteElo "2107"]
[BlackElo "2339"]
[PlyCount "152"]
[EventDate "2013.10.05"]

1. d4 d5 2. c4 c6 3. Nf3 Nf6 4. Nc3 dxc4 5. a4 Bf5 6. e3 e6 7. Bxc4 Bb4 8. O-O
Nbd7 9. Qb3 Qb6 10. Bd2 a5 11. Rfc1 O-O 12. h3 h6 13. Be1 Bd6 14. Nh4 Qxb3 15.
Bxb3 Bh7 16. f4 g5 17. fxg5 hxg5 18. Nf3 g4 19. Ng5 gxh3 20. gxh3 Bg6 21. Kg2
Nd5 22. Nxd5 exd5 23. Bg3 Bxg3 24. Kxg3 Rfe8 25. Kf2 Ra6 26. Bc2 Rb6 27. Bxg6
fxg6 28. Ra2 Kg7 29. Rc3 Kf6 30. Nf3 g5 31. b3 Kf5 32. Re2 Nf6 33. Nd2 Ra6 34.
Rc1 g4 35. Kg3 gxh3 36. Rf1+ Ke6 37. Ref2 Rg8+ 38. Kxh3 Rg6 39. Rg2 Rxg2 40.
Kxg2 Ra8 41. Kf3 Rh8 42. Ke2 Ng4 43. Nf3 Nf6 44. Nd2 Rh2+ 45. Kd3 Ng4 46. Rf8
Nf2+ 47. Kc3 b5 48. axb5 cxb5 49. b4 Nd1+ 50. Kc2 Nxe3+ 51. Kd3 Nc4 52. Nf3 Ra2
53. bxa5 b4 54. Re8+ Kf6 55. a6 Rxa6 56. Ne5 Ra3+ 57. Kc2 b3+ 58. Kb1 Nd2+ 59.
Kc1 Ra1+ 60. Kxd2 b2 61. Nd7+ Kf7 62. Rb8 b1=Q 63. Rxb1 Rxb1 64. Ke3 Ke6 65.
Ne5 Kf5 66. Nd3 Rb3 67. Kd2 Ra3 68. Ke3 Ra8 69. Nc5 Rh8 70. Kd3 Rh3+ 71. Kd2
Ra3 72. Kc2 Kf4 73. Kb2 Ra8 74. Kc3 Ke3 75. Ne6 Rc8+ 76. Nc5 Rc6 0-1

[Event "M.Chigorin Memorial 2013"]
[Site "St. Petersburg"]
[Date "2013.10.06"]
[Round "2.69"]
[White "Bazeev, German"]
[Black "Malova, Anna"]
[Result "1-0"]
[WhiteElo "2322"]
[BlackElo "1817"]
[PlyCount "117"]
[EventDate "2013.10.05"]

1. d4 g6 2. c4 Bg7 3. Nc3 c5 4. d5 Bxc3+ 5. bxc3 f5 6. h4 Nf6 7. h5 Rg8 8. hxg6
hxg6 9. Nf3 Qa5 10. Bd2 d6 11. e3 Nbd7 12. Bd3 Nb6 13. Ng5 Bd7 14. f3 O-O-O 15.
O-O Rg7 16. Qe2 Rh8 17. e4 Nh5 18. Qe1 Na4 19. Rb1 Qd8 20. e5 dxe5 21. Qxe5 Qc7
22. Qxc7+ Kxc7 23. Kf2 Nb6 24. Rh1 Rd8 25. Nh3 e6 26. Bg5 Rdg8 27. Nf4 Nxf4 28.
Bxf4+ Kc8 29. d6 Bc6 30. Rbe1 Kd7 31. Re5 g5 32. Be3 Kxd6 33. Rxc5 Na4 34. Ra5
b6 35. c5+ bxc5 36. Rd1 Nxc3 37. Bxc5+ Kc7 38. Rc1 Nd5 39. Bd4 Rd7 40. Rxa7+
Kd6 41. Ra6 Rc7 42. Bb5 Rgc8 43. a3 e5 44. Raxc6+ Rxc6 45. Rxc6+ Rxc6 46. Bxe5+
Kxe5 47. Bxc6 Nb6 48. a4 Nc4 49. Bb5 Na5 50. Ke3 f4+ 51. Kd3 Kd5 52. Ba6 Ke5
53. Kc3 Kd5 54. Kb4 Nc6+ 55. Kb5 Nd4+ 56. Kb6 Nb3 57. a5 Nc5 58. Bb5 Kd4 59. a6
1-0

[Event "M.Chigorin Memorial 2013"]
[Site "St. Petersburg"]
[Date "2013.10.06"]
[Round "2.70"]
[White "Gorozhanin, Mikhail"]
[Black "Assaubayeva, Bibissara"]
[Result "1-0"]
[WhiteElo "2315"]
[BlackElo "1820"]
[PlyCount "81"]
[EventDate "2013.10.05"]

1. d4 f5 2. Nf3 Nf6 3. c4 g6 4. g3 Bg7 5. Bg2 O-O 6. O-O d6 7. Nc3 Qe8 8. Re1
Qf7 9. Qb3 Ne4 10. Be3 Nxc3 11. Ng5 Qe8 12. bxc3 c6 13. d5 h6 14. c5 Kh8 15.
Ne6 Bxe6 16. dxe6 Qc8 17. Rab1 b5 18. cxd6 exd6 19. e7 Rf6 20. c4 Nd7 21. cxb5
c5 22. Bxa8 Qxa8 23. a4 d5 24. Qxd5 Qxd5 25. e8=Q+ Rf8 26. Qxg6 Ne5 27. Qa6 Ng4
28. Rbd1 Qc4 29. Rc1 Qe4 30. Bxc5 Rf7 31. Qc6 Qe5 32. e4 Rf6 33. exf5 Qb2 34.
Qe8+ Kh7 35. Qe4 h5 36. h3 Nh6 37. Bd4 Qb4 38. Bxf6 Qxe4 39. Rxe4 Bxf6 40. Rc7+
Bg7 41. f6 1-0

[Event "M.Chigorin Memorial 2013"]
[Site "St. Petersburg"]
[Date "2013.10.06"]
[Round "2.71"]
[White "Balaian, Alina"]
[Black "Shagdurov, Denis"]
[Result "1-0"]
[WhiteElo "2218"]
[BlackElo "1967"]
[PlyCount "49"]
[EventDate "2013.10.05"]

1. e4 c6 2. d4 d5 3. f3 e6 4. Nc3 Bb4 5. Bf4 Ne7 6. Qd3 O-O 7. Nge2 b6 8. O-O-O
Ba6 9. Qe3 Nd7 10. h4 c5 11. exd5 Nf5 12. Qf2 Bxc3 13. Nxc3 Bxf1 14. Rhxf1 cxd4
15. dxe6 fxe6 16. Nb5 e5 17. Bg5 Qb8 18. g4 Nd6 19. Nxd4 Ne4 20. Qe3 Ng3 21.
Nc6 Qc7 22. Ne7+ Kh8 23. Rg1 Rf7 24. Rxg3 h6 25. Rh3 1-0

[Event "M.Chigorin Memorial 2013"]
[Site "St. Petersburg"]
[Date "2013.10.06"]
[Round "2.72"]
[White "Fedoseeva, Valentina"]
[Black "Grigoriev, Maxim G"]
[Result "0-1"]
[WhiteElo "1950"]
[BlackElo "2211"]
[PlyCount "58"]
[EventDate "2013.10.05"]

1. e4 Nc6 2. d4 e5 3. d5 Nce7 4. d6 cxd6 5. Qxd6 Nc6 6. Qd3 Nf6 7. Nc3 d5 8.
exd5 Nd4 9. Qd2 Bb4 10. a3 Qa5 11. Bd3 Bxc3 12. bxc3 Qxd5 13. cxd4 Qxg2 14.
dxe5 Qxh1 15. Qg5 Bg4 16. Bb5+ Kf8 17. exf6 Qxg1+ 18. Bf1 gxf6 19. Qxf6 Re8+
20. Kd2 Rg8 21. a4 Rg6 22. Qh8+ Ke7 23. Ba3+ Kd8 24. Qd4+ Kc8 25. Qxa7 Qxh2 26.
Qa8+ Kc7 27. Qxe8 Qxf2+ 28. Kc3 Rc6+ 29. Kb3 Qxc2+ 0-1

[Event "M.Chigorin Memorial 2013"]
[Site "St. Petersburg"]
[Date "2013.10.06"]
[Round "2.73"]
[White "Sukhareva, Evgeniya"]
[Black "Chernov, Maksim"]
[Result "1-0"]
[WhiteElo "2210"]
[BlackElo "1962"]
[PlyCount "53"]
[EventDate "2013.10.05"]

1. d4 Nf6 2. c4 g6 3. Nf3 Bg7 4. g3 O-O 5. Bg2 c5 6. d5 d6 7. O-O b6 8. Nc3 Bb7
9. Qc2 e6 10. dxe6 fxe6 11. Rd1 Qe7 12. Bg5 Nc6 13. a3 Na5 14. b3 Qf7 15. Rac1
Rfd8 16. e4 h6 17. e5 hxg5 18. Nxg5 Qe7 19. exf6 Qxf6 20. Nce4 Qe7 21. h4 Nc6
22. Nc3 Bxc3 23. Qxc3 Nd4 24. Qd3 Kg7 25. Bxb7 Qxb7 26. h5 gxh5 27. Qh7+ 1-0

[Event "M.Chigorin Memorial 2013"]
[Site "St. Petersburg"]
[Date "2013.10.06"]
[Round "2.74"]
[White "Rjanova, Valery"]
[Black "Lazarev, Alexander A"]
[Result "0-1"]
[WhiteElo "2192"]
[BlackElo "1945"]
[PlyCount "64"]
[EventDate "2013.10.05"]

1. e4 e5 2. Nf3 Nc6 3. Bb5 a6 4. Ba4 Nf6 5. O-O b5 6. Bb3 Be7 7. Re1 O-O 8. h3
d6 9. c3 Na5 10. Bc2 c5 11. d4 Qc7 12. Nbd2 Bb7 13. Nf1 Rac8 14. d5 Kh8 15. Ng3
g6 16. Nh2 Ng8 17. Ng4 Kg7 18. b3 Bh4 19. Ne3 Nh6 20. Qd2 Kh8 21. b4 cxb4 22.
cxb4 f5 23. exf5 gxf5 24. Ngxf5 Nc4 25. Qc3 Qf7 26. Nxh4 Qxf2+ 27. Kh1 Qxh4 28.
Bd2 Nxe3 29. Qxe3 Ng4 30. Qb3 Rxc2 31. Qxc2 Bxd5 32. Qc3 Bf3 0-1

[Event "M.Chigorin Memorial 2013"]
[Site "St. Petersburg"]
[Date "2013.10.06"]
[Round "2.75"]
[White "Alieva, Alexandra"]
[Black "Pershin, Denis"]
[Result "0-1"]
[WhiteElo "1940"]
[BlackElo "2190"]
[PlyCount "86"]
[EventDate "2013.10.05"]

1. e4 c5 2. Nf3 Nc6 3. c3 d5 4. exd5 Qxd5 5. d4 Bg4 6. Be2 cxd4 7. cxd4 e6 8.
Nc3 Qa5 9. O-O Rd8 10. a3 Bc5 11. Be3 Qc7 12. Qa4 Bd6 13. d5 Bxf3 14. Bxf3 exd5
15. Nxd5 Qd7 16. Rfe1 Kf8 17. Nb4 Ne5 18. Qxd7 Nxf3+ 19. gxf3 Rxd7 20. Bxa7
Bxb4 21. axb4 g6 22. Bc5+ Kg7 23. Ra8 Nf6 24. Rxh8 Kxh8 25. Kf1 Kg7 26. Ke2 Nd5
27. Bd4+ f6 28. Rd1 Nf4+ 29. Ke3 Ng2+ 30. Ke4 Kf7 31. Ra1 Ke6 32. b5 Nh4 33.
Re1 Kf7 34. Re3 g5 35. Bc3 Ke6 36. Rd3 Rxd3 37. Kxd3 Nxf3 38. Kc4 b6 39. h3 h5
40. b3 h4 41. Kd3 Ng1 42. Bd4 Nxh3 43. Bxb6 Nf4+ 0-1

[Event "M.Chigorin Memorial 2013"]
[Site "St. Petersburg"]
[Date "2013.10.06"]
[Round "2.76"]
[White "Tugarin, Anton"]
[Black "Yakovlev, Yuri S"]
[Result "1-0"]
[WhiteElo "2188"]
[BlackElo "1940"]
[PlyCount "61"]
[EventDate "2013.10.05"]

1. e4 c5 2. Nf3 e6 3. d4 cxd4 4. Nxd4 a6 5. Bd3 b5 6. a4 b4 7. O-O Bb7 8. Nd2
Qc7 9. Qe2 Nc6 10. Nxc6 Qxc6 11. Nb3 Bd6 12. Na5 Qc7 13. Nxb7 Qxb7 14. e5 Bc7
15. Be4 Qb8 16. Bxa8 Qxa8 17. Bg5 h6 18. Bh4 g5 19. Bg3 Ne7 20. Rad1 Nd5 21.
Qc4 Qb7 22. c3 h5 23. h3 f6 24. exf6 Bxg3 25. fxg3 Kf7 26. Qd4 bxc3 27. bxc3
Rh6 28. c4 Nxf6 29. Qxd7+ Qxd7 30. Rxd7+ Ke8 31. Ra7 1-0

[Event "M.Chigorin Memorial 2013"]
[Site "St. Petersburg"]
[Date "2013.10.06"]
[Round "2.77"]
[White "Egorov, Daniil"]
[Black "Pranizin, Gennady"]
[Result "1/2-1/2"]
[WhiteElo "1929"]
[BlackElo "2187"]
[PlyCount "80"]
[EventDate "2013.10.05"]

1. e4 e5 2. Nf3 Nc6 3. Bb5 Nf6 4. O-O Nxe4 5. d4 Nd6 6. dxe5 Nxb5 7. a4 d6 8.
Re1 dxe5 9. Qxd8+ Nxd8 10. Rxe5+ Ne6 11. axb5 Bd6 12. Re1 O-O 13. Nc3 Bb4 14.
Rd1 Bxc3 15. bxc3 b6 16. Nd4 Rd8 17. Be3 Nxd4 18. Rxd4 Rxd4 19. cxd4 a5 20.
bxa6 Rxa6 21. Rxa6 Bxa6 22. Bf4 c6 23. Bc7 b5 24. f3 f6 25. Kf2 Kf7 26. Ke3 Ke6
27. c3 Kd5 28. Ba5 Bc8 29. Bb4 Kc4 30. Kd2 Kd5 31. Ke3 g6 32. Be7 Ke6 33. Bb4
Kf7 34. Bc5 Be6 35. Bb4 Bc4 36. Bc5 Bf1 37. Kf2 Bc4 38. Ke3 Ke6 39. Bb4 h5 40.
Bc5 Kf7 1/2-1/2

[Event "M.Chigorin Memorial 2013"]
[Site "St. Petersburg"]
[Date "2013.10.06"]
[Round "2.78"]
[White "Antinyan, Armen"]
[Black "Gantsevich, Aleksei"]
[Result "0-1"]
[WhiteElo "2179"]
[BlackElo "1922"]
[PlyCount "78"]
[EventDate "2013.10.05"]

1. e4 d6 2. d4 Nf6 3. Bd3 g6 4. c3 Bg7 5. Ne2 Nbd7 6. Be3 O-O 7. Ng3 e5 8. h4
h5 9. Qd2 Ng4 10. d5 Nxe3 11. Qxe3 Nc5 12. Be2 Kh7 13. Bf3 c6 14. b4 Nd7 15. c4
cxd5 16. cxd5 a5 17. b5 Nc5 18. Nd2 Bd7 19. Rb1 Bh6 20. Qe2 Na4 21. Qc4 Nb6 22.
Qd3 Rc8 23. Be2 Rc5 24. Qa3 Rc2 25. Nf3 Qc7 26. O-O Ra8 27. Ng5+ Bxg5 28. hxg5
h4 29. Qf3 Kg8 30. Nh5 gxh5 31. Qxh5 Be8 32. Bg4 f5 33. Qxh4 fxg4 34. Qxg4 Qd7
35. Qf3 Qf7 36. Qa3 Nc4 37. Qh3 Nd2 38. f4 Nxf1 39. f5 Qh5 0-1